Contratos de exportación: entre productores y exportadores de fruta

Saved in:
Bibliografiske detaljer
Hovedforfatter: Vargas Vargas, Manuel (Author)
Format: Bog
Sprog:spansk
Udgivet: Santiago Jurídica de Chile 1997
Fag:
Tags: Tilføj Tag
Ingen Tags, Vær først til at tagge denne postø!

MARC

LEADER 00000nam a2200000 a 4500
001 UCS6169
003 CL-VaPUC
008 970912e19970000CL |||||||||||||||||spa|d
082 0 4 |a 346.022  |b VAR  |2 21 
100 0 |a Vargas Vargas, Manuel  |e author  |9 391667 
245 1 0 |a Contratos de exportación: entre productores y exportadores de fruta 
300 |a 180 p  
942 |c BK 
945 |d 19970912 00:00:00  |a jquezada 
260 |a Santiago  |b Jurídica de Chile  |c 1997 
650 7 |a EXPORTACIONES  |2 CL-VaPUC  |9 255382 
650 0 |a Comercio exterior  |9 257617 
650 0 |a Industria agrícola   |9 264819 
650 0 |a Derecho comercial   |9 256340 
650 0 |a Derecho comparado  |9 255664 
650 0 |a Crédito  |9 256211 
583 |a last modification  |c 19970912 00:00:00  |k Rodrigo Vera 
999 |c 262123  |d 262121 
952 |0 0  |1 0  |4 0  |6 346_022000000000000_VAR_1997  |7 0  |8 A  |9 290326  |a BIBDER  |b BIBDER  |d 2019-11-19  |i 3349624  |l 1  |o 346.022 VAR 1997  |p 3349624  |r 2023-01-25  |s 2022-11-04  |w 2019-11-19  |y BK  |k DER